[Event "Morelia/Linares 25th"]
[Site "Morelia/Linares"]
[Date "2008.02.23"]
[Round "7"]
[White "Shirov, Alexei"]
[Black "Radjabov, Teimour"]
[Result "1-0"]
[WhiteElo "2755"]
[BlackElo "2735"]
[Annotator "Krasenkow,M"]
[PlyCount "87"]
[EventDate "2008.02.15"]
[EventType "tourn"]
[EventRounds "14"]
[EventCountry "ESP"]
[EventCategory "21"]
[SourceTitle "CBM 123"]
[Source "ChessBase"]
[SourceDate "2008.04.02"]
[SourceVersion "1"]
[SourceVersionDate "2008.04.02"]
[SourceQuality "1"]

1. d4 Nf6 2. c4 g6 3. Nc3 Bg7 4. e4 d6 5. Be2 O-O 6. Nf3 e5 7. O-O Nc6 8. d5
Ne7 9. Ne1 Nd7 10. Be3 f5 11. f3 f4 12. Bf2 g5 13. Nd3 h5 $6 {The fact that
this move is premature has been known for many decades. The reason why GM T.
Radjabov opted for it is unknown.} (13... Nf6 {[%cal Ye7g6,Yf8f7,Yg7f8] is the
classic continuation.}) 14. c5 Nf6 15. Rc1 {Black now has no time to organize
his queenside defense!} g4 (15... Bd7 16. Qb3 $16) 16. Nb5 (16. cxd6 cxd6 17.
Nb5 {is quite strong, too, e.g.} g3 18. hxg3 fxg3 19. Bxg3 Qb6+ 20. Nf2 Bh6 (
20... Bd7 21. Na3 {[%cal Ya3c4]}) 21. a4 $5 (21. Rc3 $16) 21... Bxc1 (21... Bd7
22. a5 Qxa5 23. Nxd6 $18) 22. Qxc1 $16 {[%cal Ra4a5]}) 16... Ne8 (16... a6 17.
cxd6 $1 cxd6 (17... axb5 18. dxe7 Qxe7 19. Bc5 $18) 18. Nc7 g3 19. Nxa8 gxf2+
20. Rxf2 Ne8 21. Qb3 b5 22. Qc3 Bf6 23. Nc7 $18 {1-0 Neverov,V-Bjornsson,S/
Pardubice 2003/CBM 095 ext (35)}) (16... g3 17. hxg3 fxg3 18. Bxg3 Ng6 19. cxd6
cxd6 20. Nc7 Rb8 21. Bf2 b6 22. Qd2 h4 23. Qg5 $18 {1-0 Pham Minh Hoang-Toth,A/
Budapest 1999/CBM 071 ext (31)}) 17. fxg4 {Simply winning a pawn. Black
doesn't get any compensation for it.} (17. cxd6 cxd6 18. Nxa7 $2 (18. fxg4 $1)
{is unclear due to} 18... g3 $1 19. hxg3 fxg3 20. Be3 Bd7 {[%csl Ra7,Rg1]})
17... a6 18. Nc3 hxg4 19. Bxg4 Nf6 20. Bxc8 Rxc8 21. g3 {A spectacular
strategic concept - counterplay on the very side where the opponent has
launched his (supposedly, poorly prepared) attack! However, the traditional} (
21. Qb3 {was quite strong, too, e.g.} Rb8 22. cxd6 cxd6 23. Nxe5 (23. Ba7 $5)
23... dxe5 24. d6+ Rf7 25. dxe7 Qxe7 26. Rfd1 $16) 21... Qe8 22. Kh1 Qg6 23.
Qe2 f3 {Desperation but other move didn't solve any problems either, e.g.} (
23... Nh5 24. gxf4 Nxf4 25. Nxf4 exf4 26. Qf3 $16 {[%cal Yf1g1] or}) (23... Qg4
24. Qxg4 Nxg4 25. gxf4 exf4 26. Bh4 Ng6 27. Rg1 $1 N4e5 28. Nxe5 Nxe5 29. Be7
$16) 24. Qxf3 Nfxd5 25. Nxd5 Nxd5 26. Qe2 Nf6 27. Rce1 Qf7 28. g4 $1 Qg6 (28...
Qxa2 {regains the pawn but White obtains a huge positional advantage after} 29.
g5 Nd7 30. Nb4 Qe6 31. cxd6 cxd6 (31... Qxd6 32. Nd5 {[%cal Yd5e3,Ye3f5]}) 32.
Nd5 $16) 29. h3 Rf7 30. Kg2 Nd7 (30... Nh5 31. Bg3 Nxg3 32. Kxg3 Rcf8 33. Rxf7
Rxf7 34. h4 $18) 31. Bg1 {and White easily converted his material advantage:}
Qe6 32. b3 Rxf1 33. Rxf1 d5 34. g5 a5 35. h4 Qc6 36. Re1 Rf8 37. exd5 Qxd5+ 38.
Qe4 c6 39. Bh2 Qe6 40. Bg3 Rf5 41. a3 Rf7 42. b4 Qa2+ 43. Re2 Qxa3 $2 44. g6
1-0

[Event "Morelia/Linares 25th"]
[Site "Morelia/Linares"]
[Date "2008.02.28"]
[Round "8"]
[White "Radjabov, Teimour"]
[Black "Leko, Peter"]
[Result "1/2-1/2"]
[WhiteElo "2735"]
[BlackElo "2753"]
[Annotator "Krasenkow,M"]
[PlyCount "77"]
[EventDate "2008.02.15"]
[EventType "tourn"]
[EventRounds "14"]
[EventCountry "ESP"]
[EventCategory "21"]
[SourceTitle "CBM 123"]
[Source "ChessBase"]
[SourceDate "2008.04.02"]
[SourceVersion "1"]
[SourceVersionDate "2008.04.02"]
[SourceQuality "1"]

1. d4 Nf6 2. c4 e6 3. Nf3 b6 4. g3 Ba6 5. Qc2 Bb7 6. Bg2 c5 7. d5 exd5 8. cxd5
Nxd5 9. O-O Be7 {This gambit line is very popular nowadays.} 10. Qe4 {GM Levan
Pantsulaia's most recent idea. Other side options:} (10. a3 $5 {This useful
prophylactic move was good enough for an Indian GM to beat a weaker player
named nomen omen - Anand!} Nc6 11. Rd1 Nf6 (11... Nc7 $5) 12. e4 O-O 13. e5 Ne8
14. Nc3 Nc7 15. Be3 Ne6 16. Rd2 Ncd4 (16... Na5 $5) 17. Nxd4 cxd4 18. Bxd4 Bxg2
19. Kxg2 Rc8 20. Be3 Qc7 21. Qe4 $16 {1-0 Kunte,A-Poobesh Anand,S/Atul 2006/
CBM 115 ext (36)}) (10. Ne5 {is more common but not too dangerous due to} Qc7
11. Qe4 Nc6 $1 (11... Bc6 $143 12. Nxc6 dxc6 13. Nc3 Nf6 (13... Nxc3 14. bxc3
O-O 15. Bf4 Bd6 16. Bxd6 Qxd6 17. Rfd1 Qf6 18. Rd3 a6 19. Rad1 Ra7 20. Rd6 Qe7
21. Qd3 Rc7 22. e4 $16 {1-0 Vavrak,P-Vovk,Y/Cappelle La Grande FRA 2008/The
Week in Chess 694 (35)}) 14. Qc2 (14. Qf3 $5) 14... O-O 15. e4 Nbd7 16. f4 Rfd8
17. Qe2 Rab8 18. e5 Ne8 19. Ne4 $44 {1/2-1/2 Pantsulaia,L-Ibrahimov,R/Abu
Dhabi 2007/CBM 119 ext (33)}) 12. Qxd5 Nd8 13. Qd3 Qxe5 (13... Bxg2 $5 14. Kxg2
Qxe5 15. Nc3 Ne6) 14. Bxb7 Nxb7 15. Nc3 O-O 16. Nd5 Bd6 17. Bf4 Qe6 18. Rfd1
Rfe8 19. e3 Rac8 20. Rac1 Be5 21. Qa6 $44 {0-1 Shengelia,D-Papp,G/Cappelle La
Grande FRA 2008/The Week in Chess 694 (35)}) (10. Rd1 {is the main move
examined in several CBM issues - see e.g. CBM 119 (Shirov - Aronian, with
annotations by GM I.Stohl) - and CBM 121 (Beliavsky - Almasi with annotations
by GM L.Ftacnik)}) 10... Na6 (10... Qc7 $2 11. Nh4 $1 O-O 12. Nf5 Bf6 13. Rd1
Na6 14. Rxd5 Rae8 15. Qg4 Bxd5 16. Bxd5 Kh8 17. Bf4 Be5 18. Nc3 $18 {1-0
Pantsulaia,L-Sakelsek,T/Istanbul 2007/CBM 120 ext (35)}) (10... Bc6 {- see
Aronian-Anand in this issue.}) 11. Nh4 g6 (11... O-O 12. Nf5 $44) 12. Qe5 (12.
Bh6 $5 {, stopping Black's castling, looks logical and needs testing, e.g.} Bc6
(12... Nac7 13. Nc3) 13. Rd1 Nac7 14. Na3 $5) ({Or} 12. Rd1 Nac7 13. Bh6 Bc6 {
with the same line.}) 12... f6 13. Qe4 {[%cal Rh4g6]} Qc8 14. Rd1 Nac7 15. Nxg6
$5 {[%mdl 512] Still! White sacrifices a piece to start an attack on Black's
uncastled king. Theoretically this sacrifice is hardly sound but refuting it
over the board is far from easy!} hxg6 16. Qxg6+ Kd8 17. a3 {[%cal Re2e4] No
hurry! It is essential to prevent ...Nd5-b4.} b5 18. e4 Nb6 19. Nc3 d6 $6 {
Black has a lot of defensive possibilities, which could have put White's piece
sacrifice under doubt but it is not easy to keep cool blood over the board!} (
19... Ne6 $5 20. e5 (20. Nd5 $5 Nf8 $1) 20... Bxg2 21. exf6 Qc6 22. fxe7+ Kc7)
(19... Nc4) {The text move is less strong and allows White to slip away.} 20.
Bf4 Qe6 21. Bxd6 Bxd6 22. Qg7 Re8 (22... Rg8 $4 23. Rxd6+) 23. e5 $1 Qxe5 24.
Bxb7 Ne6 $1 {Creating counteplay in time!} 25. Qg4 Nd4 26. Bxa8 Nxa8 27. Re1 (
27. a4 $5 {would have kept even more tension in the position.Black should
probably reply} f5 (27... b4 $6 28. Nb5 $1) 28. Qg6 Re6 $13) 27... Qxe1+ 28.
Rxe1 Rxe1+ 29. Kg2 Nc7 {This endgame is complex but roughly equal.} 30. Ne4 (
30. h4 $5 {This pawn is White'a main trump but Black can reply with} f5 $1 $11
31. Qg5+ Kd7 32. h5 $140 $4 Rg1+ $1) 30... Ne8 $1 31. Qg6 {A bit illogical but}
(31. Nxd6 Nxd6 {allows counterplay by the black knights, e.g.} 32. b4 $5 Ne4 $5
$132) 31... Be7 32. Nc3 Re5 $6 {Black fails to find the right arrangement of
his pieces to fight against White's h-pawn.} (32... Re6 $5 33. h4 f5 {and
White's counterplay after} 34. Qf7 {is enough to equalize but hardly more, e.g.
} Nc7 (34... Nd6 35. Qg8+ Kd7 36. Nd5) 35. h5 a5 36. Qg7 b4 37. axb4 axb4 38.
Na4 Ne8 39. Qf7 Nc7 $11) 33. h4 a5 34. Qd3 (34. h5 $1 Rg5 35. Qh7 $16 b4 36.
Ne4 Rg7 $2 37. Qxg7 $1 Nxg7 38. h6) 34... Nd6 35. Qh7 Ne8 36. f4 (36. h5 $1 $16
) 36... Re6 37. h5 f5 38. h6 Rd6 39. a4 $6 {White doesn't want to risk (time
pressure?)} (39. Qh8 $142 b4 40. Na4 Bf6 41. Qg8 $16) (39. a4 $143 {but still
playing for a win was possible for White:} b4 40. Nb5 Nxb5 41. axb5 c4 (41...
Rd2+ 42. Kf3) 42. Qxf5 Rxh6 43. Qd5+ Rd6 44. Qxc4 {etc.}) 1/2-1/2

[Event "Morelia/Linares 25th"]
[Site "Morelia/Linares"]
[Date "2008.02.29"]
[Round "9"]
[White "Topalov, Veselin"]
[Black "Radjabov, Teimour"]
[Result "1/2-1/2"]
[WhiteElo "2780"]
[BlackElo "2735"]
[Annotator "Marin,M"]
[PlyCount "107"]
[EventDate "2008.02.15"]
[EventType "tourn"]
[EventRounds "14"]
[EventCountry "ESP"]
[EventCategory "21"]
[SourceTitle "CBM 123"]
[Source "ChessBase"]
[SourceDate "2008.04.02"]
[SourceVersion "1"]
[SourceVersionDate "2008.04.02"]
[SourceQuality "1"]

1. e4 e5 2. Nf3 Nc6 3. Bb5 f5 {Again the Jänisch Attack, quite a surprising
guest in such a high level tournament. I will not insist too much on the
opening part, because as far as I know GM Postny is writing a series of
articles for CBM about this interesting variation.} 4. d3 {A solid answer,
refraining from any attampt to "refute" the slightly exotic black 3rd move and
aiming to retain just a tiny edge.} ({Teimour did not face special problems
after} 4. Nc3 fxe4 5. Nxe4 Nf6 {Polgar,J (2707)-Radjabov,T (2735)/Wijk aan Zee
2008/CBM 123 (1/2-1/2, 23)}) 4... fxe4 5. dxe4 Nf6 6. O-O Bc5 7. Qd3 (7. Bxc6
bxc6 8. Nxe5 {, as tried earlier in the tournament against Radjabov, did not
prove too effective after} O-O 9. Bg5 Qe8 10. Bxf6 Rxf6 $44 {Anand,V (2799)
-Radjabov,T (2735)/Morelia/Linares 2008/CBM 123 (1/2-1/2, 22). And the mighty
pair of bishops offers Black good compensation for the pawn.}) 7... d6 8. Qc4
Qe7 9. Nc3 Bd7 10. Nd5 ({He also managed to hold his own after} 10. Bg5 {
in Carlsen,M (2693)-Radjabov,T (2747)/Porto Vecchio 2007/CBM 118 ext (1/2-1/2,
77)}) 10... Nxd5 11. exd5 Nd4 12. Bxd7+ Qxd7 13. Nxd4 {The solid continuation.}
({White has won almost all the games after} 13. Nxe5 Qf5 14. Nd3 {, but the
level of players was not too high. Obviously, Radjabov had analysed this.})
13... Bxd4 14. a4 $146 {Paradoxically, though advancing the pawn earlier than
had happened in the previous game where this position was seen, Topalov
intends to keep it in his half of board, in order to avoid weakening it.} (14.
c3 Bb6 15. a4 (15. Be3 {makes little sense, because the bishop is well
defended on b6.} O-O $11) 15... a6 16. a5 ({But now, he could refrain from
this move, when} 16. Be3 Bxe3 17. fxe3 O-O-O 18. Rf2 Rdf8 19. Raf1 Rxf2 20.
Rxf2 Kb8 21. b3 Qe7 22. Qe4 g6 23. Qf3 Rc8 24. c4 {would transpose to our main
game.}) 16... Ba7 17. Be3 Bxe3 18. fxe3 O-O-O {Ovetchkin,R (2375)-Khachian,M 
(2480)/Pardubice 1996/CBM 055 ext (0-1, 67). The position is similar to the
main game, with the difference that the pawn is more exposed on a5, which
could restrict White's actions.}) 14... a6 15. Be3 Bxe3 16. fxe3 O-O-O {
The position looks almost equal, because White's advantage of space has lost
its relevance after the massive exchange of pieces. However, White will be
able to take over the control of the f-file, which ensures him a long term
advantage.} 17. Rf2 $1 Rdf8 18. Raf1 Rxf2 ({Later in the same tournament,
Radjabov tried to improve with} 18... Qe7 {but after} 19. Qe4 g6 20. Rf3 Kb8
21. b3 Rxf3 22. Qxf3 Qg5 23. h3 Rc8 24. Kh2 {his position was hardly better
than against Topalov. He also drew a rook ending with a pawn down in Carlsen,M
(2733)-Radjabov,T (2735)/Morelia/Linares 2008/CBM 123 (1/2-1/2, 69)}) 19. Rxf2
Kb8 20. b3 Qe7 21. Qe4 g6 (21... h6 {allows White slightly more activity than
in the game after} 22. Qf5 $14) 22. Qf3 $14 {In the long run, Black's position
is dangerous even in the case of an exchange of queens. The irritating thing
is that Black has little chance for any counterplay. With his next moves,
Radjabov tries to solve this problem, but he will weaken his structure and the
king's position at the same time.} Rc8 $5 23. c4 c6 24. dxc6 Rxc6 25. e4 Qg5
26. h3 Qc1+ 27. Kh2 {White has the safer king's position and controls the only
open file. His only problem consists of the weakness of the b3-pawn. We can
see that the presence of the a-pawn on a5 would have endangered it at this
stage of the game, although later it will be useful to advance it anyway.} Qe1
28. Rf1 Qd2 $6 {The queen is not attacking anything from this square, allowing
White to win a tempo for his attack.} (28... Qb4 $5 {[%csl Rb3]} 29. Qd3 Qc5
$14) 29. Qf8+ Rc8 (29... Ka7 30. Qd8 $40 {[%cal Gf1f8]}) 30. Qe7 Qd3 31. Rf3 $1
Qxe4 32. Qxd6+ Ka7 {Black has managed to create himself a passed pawn, but his
forces lack coordination and his seventh rank is weak.} 33. Rf7 (33. Qd7 $5 Qc6
(33... Rh8 34. Rf7 $16 {looks too passive for Black to offer chances to stay
in the game.}) 34. Qxh7 $16 {White has an extra pawn and the safer king. This
should outweigh Black's passed pawn.}) 33... h5 34. a5 g5 35. Qe6 Rg8 36. Rf6
Rh8 {Although White's pieces look more active, Black has managed to create
some threats with his kingside pawns.} 37. Qd5 $5 {A practical decision in the
opponent's time trouble. White exchanges Black's most active piece and
eliminates any possibility of counterplay.} (37. Rf5 g4 $1 38. Qxe5 g3+ $1 39.
Kg1 (39. Kxg3 Rg8+) 39... Re8 40. Qxe4 Rxe4 41. Kf1 h4 $44 {Black's huge
advantage in space on the kingside offers him chances to save the game despite
the missing pawn.}) 37... Qxd5 38. cxd5 $14 {White's advantage in space and
the better chances for centralising his king offer him the better chances in
the endgame.} e4 ({The attempt to free himself with} 38... Rd8 39. d6 b6 {
does not equalize completely after} 40. Rf7+ Kb8 41. Rf5 $14) 39. Re6 Rd8 40.
Re5 e3 41. Kg3 g4 {Black has to reduce the number of pawns at any cost.} 42.
hxg4 hxg4 43. b4 b6 44. axb6+ Kxb6 45. Kxg4 Kb5 46. Re4 e2 47. Rxe2 $6 {
Now Black will manage to draw with relative ease.} ({After} 47. Kf3 $1 e1=Q (
47... Rxd5 48. Kxe2 $18 {[%csl Rb5][%cal Gg2g4,Ge2f3]}) 48. Rxe1 {it appears
that White has improved the position of two of his pieces compared to the line
actually played in the game. The rook is better placed on the first rank
because it can hold the enemy pawn and it will take longer for it to come
under the enemy king's attack, while his own king is one step closer to the
main candidate for promotion, the d5-pawn. For instance:} Kxb4 49. Rd1 a5 50.
Ke4 a4 51. d6 a3 52. Kd5 a2 53. Kc6 $18) 47... Kxb4 48. Rd2 Kc5 49. Kh5 Rxd5+
50. Rxd5+ Kxd5 51. g4 Ke6 52. Kh6 Kf7 53. Kh7 Kf6 54. Kh6 1/2-1/2

[Event "Morelia/Linares 25th"]
[Site "Morelia/Linares"]
[Date "2008.03.01"]
[Round "10"]
[White "Radjabov, Teimour"]
[Black "Aronian, Levon"]
[Result "1/2-1/2"]
[WhiteElo "2735"]
[BlackElo "2739"]
[Annotator "Krasenkow,M"]
[PlyCount "62"]
[EventDate "2008.02.15"]
[EventType "tourn"]
[EventRounds "14"]
[EventCountry "ESP"]
[EventCategory "21"]
[SourceTitle "CBM 123"]
[Source "ChessBase"]
[SourceDate "2008.04.02"]
[SourceVersion "1"]
[SourceVersionDate "2008.04.02"]
[SourceQuality "1"]

1. d4 d5 2. c4 c6 3. Nc3 Nf6 4. Nf3 e6 5. Bg5 h6 6. Bh4 dxc4 7. e4 g5 8. Bg3 b5
9. Ne5 h5 10. h4 g4 11. Be2 Bb7 12. O-O Nbd7 13. Qc2 Nxe5 14. Bxe5 Bg7 15. Rad1
O-O {This sharp line was examined in several CBM issues, most recently in CBM
120 (Aronian - Anand annotated by GM M.Marin)} 16. Qc1 {[%cal Rc1g5,Yc1f4] A
relatively new plan. Other options:} (16. Bg3) (16. f3) (16. b3) 16... Nh7 (
16... Nd7 $5 {needs checking, e.g.} 17. Bxg7 (17. Bd6 Qxh4 $1) 17... Kxg7 18.
e5 (18. g3 Qf6 $5) 18... f5 $1 (18... Qxh4 $143 19. Ne4 $44)) 17. g3 $146 {
[%mdl 8]} (17. Bxg7 {was played (without success) in the stem correspondence
game:} Kxg7 18. g3 (18. e5 f5 $5) 18... Qb6 19. b3 Rad8 20. Qf4 (20. bxc4 $142
Rxd4 21. cxb5 $11) 20... cxb3 21. axb3 f6 22. e5 c5 23. Nxb5 Qc6 $13 {0-1
Martys,M-Starke,R/IECG 2004/Telechess CBM 115(41)}) 17... f6 18. Bf4 $44 {
The black g7-bishop is now shut in.} a6 19. Rfe1 {It is not clear whether the
rook is better here than on f1 (f2-f3 may be a good plan in some situations).}
(19. b3 $5) 19... Rf7 20. Qc2 Rd7 21. b3 cxb3 22. Qxb3 Nf8 23. Be3 Qe7 24. a4 (
24. f3 $5 {Still! Despite the fact that the rook is on e1.}) 24... Qf7 (24...
b4 25. Nb1 $44 {[%cal Yb1d2,Yd2c4]}) 25. d5 $6 {This break in the centre is
not dangerous.} (25. f3 $142 $5) 25... exd5 26. exd5 f5 $1 {At last the black
bishop says its word!} 27. Bf1 $6 {Too passive.} (27. Bd3 $142 $5 cxd5 (27...
Ng6 $2 28. Bxf5) (27... Rc8 28. Ne2 (28. Bxf5 $2 cxd5 $1 29. Bxd7 Rxc3) 28...
c5 29. axb5 Bxd5 30. Qb1 Ba2 31. Qc1 axb5 32. Bxb5 Rxd1 33. Rxd1 {and Black
can hardly make use of his extra pawn due to his kingside weaknesses.}) 28.
axb5 (28. Ne2 Ng6 $1 $36 (28... bxa4 29. Qxa4 $44)) 28... Bxc3 $1 29. Qxc3 d4
$1 30. Bxd4 Rc8 31. Qd2 (31. Bc5 $143 Rd5 32. Bc4 Rcxc5 33. bxa6 Rxc4 (33...
Bxa6 $143 34. Rxd5 $1 Rxc4 35. Qd2) 34. Qxc4 Rxd1 35. Qxf7+ Kxf7 36. Rxd1 Bxa6
{with winning chances for Black}) 31... Rxd4 32. Qg5+ Qg6 (32... Kh8 33. Bxf5
$44) 33. Qxg6+ Nxg6 34. Bxf5 Rxd1 35. Rxd1 Rc5 $1 36. Bxg6 axb5 37. f4 $1 gxf3
38. Bxh5 $1 {and White should reach a draw.}) 27... Ng6 28. Bg2 Ne7 $2 {
Missing a good chance:} (28... f4 $1 $17) 29. axb5 axb5 30. Bd4 Bxd4 31. Rxd4
Rc8 {Without the dark-squared bishops White has full compensation for the
missing pawn as the dark squares in Black's camp are too weak.} 1/2-1/2